|
|
|
|
| LEADER |
01029aam a22003258a 4500 |
| 001 |
00035635 |
| 005 |
20171026081025.0 |
| 008 |
161215s2014 ||||||Viesd |
| 020 |
# |
# |
|c 98000
|a 978 604 1 05918 4
|
| 041 |
0 |
# |
|a Vie
|
| 082 |
1 |
4 |
|a 303.94
|b TR400CH
|
| 100 |
1 |
# |
|a Bruce Bueno de Mesquita
|
| 245 |
1 |
0 |
|a Trò chơi của nhà tiên tri
|c Bruce Bueno de Mesquita; Nguyễn Hằng dịch
|b Dự báo và định hướng tương lai bằng logic vị lợi
|
| 250 |
# |
# |
|a taais bản có sữa chữa
|
| 260 |
# |
# |
|a TP. Hồ Chí Minh
|b Trẻ
|c 2014
|
| 300 |
# |
# |
|a 345tr.
|c 24 cm.
|
| 653 |
# |
# |
|a Con người kinh tế
|
| 653 |
# |
# |
|a Lý thuyết trò chơi
|
| 653 |
# |
# |
|a Tư lợi
|
| 700 |
1 |
# |
|a Nguyễn Hằng
|e dịch
|
| 852 |
# |
# |
|b Kho đọc
|j KD.0017322
|
| 852 |
# |
# |
|j KD.0017322
|
| 910 |
|
|
|d 15/12/2016
|
| 980 |
# |
# |
|a Trung tâm Học liệu Lê Vũ Hùng, Trường Đại học Đồng Tháp
|